000 00470nam a22001457a 4500
008 151024b xxu||||| |||| 00| 0 eng d
020 _a9782427349
050 _aB72. O56
100 _aOmoregbe, Joseph
_920504
245 _aA simplified history of western philosophy
_c/ Joseph I Omoregbe
260 _aLagos
_bJoja Educational Research and Publishers Limited
_c1991
300 _a3v. vi, 156p.
_c22cm.
650 _aPhilosophy
_xHistory
_91338
942 _2lcc
_cMONOGRAPH
999 _c123598
_d123598